| 000 | 00777nam a2200133Ia 4500 | ||
|---|---|---|---|
| 008 | 171212s9999 xx 000 0 und d | ||
| 020 | _a9780833044808 | ||
| 100 | _aFarley, Donna O.;Damberg, Cheryl L.;Ridgely, M. Susan;Sorbero, Melony E.;Greenberg, Michael D. | ||
| 245 |
_cFarley, Donna O.;Damberg, Cheryl L.;Ridgely, M. Susan;Sorbero, Melony E.;Greenberg, Michael D. _aAssessment of the AHRQ Patient Safety Initiative _bFinal Report—Evaluation Report IV |
||
| 260 |
_bRAND Corporation _c2008 |
||
| 650 | _aHealth Sciences | ||
| 650 | _aMedical errors -- Prevention -- Government policy -- United States; Iatrogenic diseases -- Prevention -- Government policy -- United States; Patients -- United States -- Safety measures | ||
| 856 | _uwww.jstor.org/stable/10.7249/tr563ahrq | ||
| 999 |
_c351778 _d351778 |
||